Online Catalogue and eLibrary

A short history of Ceylon (Record no. 3510)

MARC details
000 -LEADER
fixed length control field 00419nam a2200169Ia 4500
005 - DATE AND TIME OF LATEST TRANSACTION
control field 20250131023749.0
008 - FIXED-LENGTH DATA ELEMENTS--GENERAL INFORMATION
fixed length control field 240331s9999 xx 000 0 und d
020 ## - INTERNATIONAL STANDARD BOOK NUMBER
ISBN 8120609468
082 ## - DDC Classification
Item Number - Author Mark COD
Class No. 954
100 ## - MAIN ENTRY--PERSONAL NAME
Personal name Codrington, H.W.
245 #2 - TITLE STATEMENT
Title A short history of Ceylon
260 ## - PUBLICATION, DISTRIBUTION, ETC.
Place of publication, distribution, etc. New Delhi
Name of publisher, distributor, etc. Asian Educational Services
Date of publication, distribution, etc. 1929
300 ## - PHYSICAL DESCRIPTION
Extent (e.g. Volumes, Pages etc.) xxi, 202 p .,
650 ## - SUBJECT ADDED ENTRY--TOPICAL TERM
Topical term or geographic name entry element Buddhism
650 ## - SUBJECT ADDED ENTRY--TOPICAL TERM
Topical term or geographic name entry element Society
942 ## - Koha item type (Biblio)
Koha item type Books in Stacks (Lending)
Holdings
Lost status Damaged status Collection code Home library Current library Shelving location Date acquired Full call number Accession Number Item type
    Lending WERC Library WERC Library Social Science Cupboard 03/31/2024 954.9 COD 5109 Books in Stacks (Lending)

© WERC Library